Atlanta Falcons Statistical Leaders since 2000 (NFL) - Statistics

General Stats
  • This quiz has been taken 43 times
    4 since last reset
  • The average score is 215 of 312
Answer Stats
Category Year Stat Answer % Correct
Rushing Attempts 2023 214 Bijan Robinson
100%
Rushing Yards 2023 976 Bijan Robinson
100%
Receiving TDs 2023 4 Bijan Robinson
100%
Rushing Attempts 2024 304 Bijan Robinson
100%
Rushing Yards 2024 1456 Bijan Robinson
100%
Rushing TDs 2024 14 Bijan Robinson
100%
Rushing Attempts 2025 287 Bijan Robinson
100%
Rushing Yards 2025 1478 Bijan Robinson
100%
Total Tackles 2016 108 Deion Jones
100%
Interceptions 2016 3 Deion Jones
100%
Total Tackles 2017 138 Deion Jones
100%
Interceptions 2017 3 Deion Jones
100%
Sacks 2020 4.5 Deion Jones
100%
Receiving TDs 2012 10 Julio Jones
100%
Receiving Yards 2014 1593 Julio Jones
100%
Receptions 2014 104 Julio Jones
100%
Receiving Yards 2015 1871 Julio Jones
100%
Receiving TDs 2015 8 Julio Jones
100%
Receptions 2015 136 Julio Jones
100%
Receiving Yards 2016 1409 Julio Jones
100%
Receiving TDs 2016 6 Julio Jones
100%
Receiving Yards 2017 1444 Julio Jones
100%
Receptions 2017 88 Julio Jones
100%
Receiving Yards 2018 1677 Julio Jones
100%
Receptions 2018 113 Julio Jones
100%
Receiving Yards 2019 1394 Julio Jones
100%
Receptions 2019 99 Julio Jones
100%
Passing Yards 2024 3508 Kirk Cousins
100%
Passing TDs 2024 18 Kirk Cousins
100%
Interceptions Thrown 2024 16 Kirk Cousins
100%
Passing TDs 2025 10 Kirk Cousins
100%
Interceptions Thrown 2025 5 Kirk Cousins
100%
Passing Yards 2008 3440 Matt Ryan
100%
Passing TDs 2008 16 Matt Ryan
100%
Interceptions Thrown 2008 11 Matt Ryan
100%
Passing Yards 2009 2916 Matt Ryan
100%
Passing TDs 2009 22 Matt Ryan
100%
Interceptions Thrown 2009 14 Matt Ryan
100%
Passing Yards 2010 3705 Matt Ryan
100%
Passing TDs 2010 28 Matt Ryan
100%
Interceptions Thrown 2010 9 Matt Ryan
100%
Passing Yards 2011 4177 Matt Ryan
100%
Passing TDs 2011 29 Matt Ryan
100%
Interceptions Thrown 2011 12 Matt Ryan
100%
Passing Yards 2012 4719 Matt Ryan
100%
Passing TDs 2012 32 Matt Ryan
100%
Interceptions Thrown 2012 14 Matt Ryan
100%
Passing Yards 2013 4515 Matt Ryan
100%
Passing TDs 2013 26 Matt Ryan
100%
Interceptions Thrown 2013 17 Matt Ryan
100%
Passing Yards 2014 4694 Matt Ryan
100%
Passing TDs 2014 28 Matt Ryan
100%
Interceptions Thrown 2014 14 Matt Ryan
100%
Passing Yards 2015 4591 Matt Ryan
100%
Passing TDs 2015 21 Matt Ryan
100%
Interceptions Thrown 2015 16 Matt Ryan
100%
Passing Yards 2016 4944 Matt Ryan
100%
Passing TDs 2016 38 Matt Ryan
100%
Interceptions Thrown 2016 7 Matt Ryan
100%
Passing Yards 2017 4095 Matt Ryan
100%
Passing TDs 2017 20 Matt Ryan
100%
Interceptions Thrown 2017 12 Matt Ryan
100%
Passing Yards 2018 4924 Matt Ryan
100%
Passing TDs 2018 35 Matt Ryan
100%
Interceptions Thrown 2018 7 Matt Ryan
100%
Passing Yards 2019 4466 Matt Ryan
100%
Passing TDs 2019 26 Matt Ryan
100%
Interceptions Thrown 2019 14 Matt Ryan
100%
Passing Yards 2020 4581 Matt Ryan
100%
Passing TDs 2020 26 Matt Ryan
100%
Interceptions Thrown 2020 11 Matt Ryan
100%
Passing Yards 2021 3968 Matt Ryan
100%
Passing TDs 2021 20 Matt Ryan
100%
Interceptions Thrown 2021 12 Matt Ryan
100%
Receiving Yards 2007 1202 Roddy White
100%
Receiving TDs 2007 6 Roddy White
100%
Receptions 2007 83 Roddy White
100%
Receiving Yards 2008 1382 Roddy White
100%
Receiving TDs 2008 7 Roddy White
100%
Receptions 2008 88 Roddy White
100%
Receiving Yards 2009 1153 Roddy White
100%
Receiving TDs 2009 11 Roddy White
100%
Receptions 2009 85 Roddy White
100%
Receiving Yards 2010 1389 Roddy White
100%
Receiving TDs 2010 10 Roddy White
100%
Receptions 2010 115 Roddy White
100%
Receiving Yards 2011 1296 Roddy White
100%
Receptions 2011 100 Roddy White
100%
Receiving Yards 2012 1351 Roddy White
100%
Receiving TDs 2014 7 Roddy White
100%
Interceptions 2010 5 Tie
100%
Receiving TDs 2011 8 Tie
100%
Receptions 2016 83 Tie
100%
Rushing TDs 2018 4 Tie
100%
Receiving TDs 2001 3 3-Way Tie
67%
Receiving Yards 2004 774 Alge Crumpler
67%
Receiving TDs 2004 6 Alge Crumpler
67%
Receptions 2004 48 Alge Crumpler
67%
Receiving Yards 2005 877 Alge Crumpler
67%
Receiving TDs 2005 5 Alge Crumpler
67%
Receptions 2005 65 Alge Crumpler
67%
Receiving Yards 2006 780 Alge Crumpler
67%
Receiving TDs 2006 8 Alge Crumpler
67%
Receptions 2006 56 Alge Crumpler
67%
Interceptions 2009 6 Brent Grimes
67%
Receiving TDs 2018 10 Calvin Ridley
67%
Receiving TDs 2019 7 Calvin Ridley
67%
Receiving Yards 2020 1374 Calvin Ridley
67%
Receiving TDs 2020 9 Calvin Ridley
67%
Receptions 2020 90 Calvin Ridley
67%
Passing Yards 2000 2236 Chris Chandler
67%
Passing TDs 2000 10 Chris Chandler
67%
Interceptions Thrown 2000 12 Chris Chandler
67%
Passing Yards 2001 2847 Chris Chandler
67%
Passing TDs 2001 16 Chris Chandler
67%
Interceptions Thrown 2001 14 Chris Chandler
67%
Rushing Attempts 2021 153 Cordarrelle Patterson
67%
Rushing Yards 2021 618 Cordarrelle Patterson
67%
Rushing TDs 2021 6 Cordarrelle Patterson
67%
Receiving TDs 2021 5 Cordarrelle Patterson
67%
Rushing TDs 2022 8 Cordarrelle Patterson
67%
Total Tackles 2009 133 Curtis Lofton
67%
Total Tackles 2010 118 Curtis Lofton
67%
Total Tackles 2011 87 Curtis Lofton
67%
Interceptions 2005 6 DeAngelo Hall
67%
Interceptions 2006 4 DeAngelo Hall
67%
Interceptions 2007 5 DeAngelo Hall
67%
Passing Yards 2023 2836 Desmond Ridder
67%
Passing TDs 2023 12 Desmond Ridder
67%
Interceptions Thrown 2023 12 Desmond Ridder
67%
Rushing TDs 2023 5 Desmond Ridder
67%
Interceptions 2019 4 Desmond Trufant
67%
Rushing Attempts 2015 265 Devonta Freeman
67%
Rushing Yards 2015 1056 Devonta Freeman
67%
Rushing TDs 2015 11 Devonta Freeman
67%
Rushing Attempts 2016 227 Devonta Freeman
67%
Rushing Yards 2016 1079 Devonta Freeman
67%
Rushing TDs 2016 11 Devonta Freeman
67%
Rushing Attempts 2017 196 Devonta Freeman
67%
Rushing Yards 2017 865 Devonta Freeman
67%
Rushing TDs 2017 7 Devonta Freeman
67%
Rushing Attempts 2019 184 Devonta Freeman
67%
Rushing Yards 2019 656 Devonta Freeman
67%
Passing Yards 2003 1655 Doug Johnson
67%
Passing TDs 2003 8 Doug Johnson
67%
Interceptions Thrown 2003 12 Doug Johnson
67%
Receiving Yards 2022 866 Drake London
67%
Receptions 2022 72 Drake London
67%
Receiving Yards 2023 905 Drake London
67%
Receptions 2023 69 Drake London
67%
Receiving Yards 2024 1271 Drake London
67%
Receiving TDs 2024 9 Drake London
67%
Receptions 2024 100 Drake London
67%
Receiving TDs 2025 7 Drake London
67%
Sacks 2003 8 Ellis Johnson
67%
Sacks 2022 6 Grady Jarrett
67%
Rushing Attempts 2000 282 Jamal Anderson
67%
Rushing Yards 2000 1024 Jamal Anderson
67%
Rushing TDs 2000 6 Jamal Anderson
67%
Total Tackles 2023 132 Jessie Bates
67%
Interceptions 2023 6 Jessie Bates
67%
Interceptions 2024 4 Jessie Bates
67%
Sacks 2007 10 John Abraham
67%
Sacks 2008 16.5 John Abraham
67%
Sacks 2010 13 John Abraham
67%
Sacks 2011 9.5 John Abraham
67%
Sacks 2012 10 John Abraham
67%
Total Tackles 2001 127 Keith Brooking
67%
Total Tackles 2002 140 Keith Brooking
67%
Total Tackles 2003 144 Keith Brooking
67%
Total Tackles 2004 102 Keith Brooking
67%
Total Tackles 2006 138 Keith Brooking
67%
Total Tackles 2008 102 Keith Brooking
67%
Receiving Yards 2021 1026 Kyle Pitts
67%
Receptions 2021 68 Kyle Pitts
67%
Receiving Yards 2025 928 Kyle Pitts
67%
Receptions 2025 88 Kyle Pitts
67%
Passing Yards 2022 2219 Marcus Mariota
67%
Passing TDs 2022 15 Marcus Mariota
67%
Interceptions Thrown 2022 9 Marcus Mariota
67%
Rushing Attempts 2001 237 Maurice Smith
67%
Rushing Yards 2001 760 Maurice Smith
67%
Rushing TDs 2001 5 Maurice Smith
67%
Passing Yards 2025 1982 Michael Penix
67%
Rushing Attempts 2008 376 Michael Turner
67%
Rushing Yards 2008 1699 Michael Turner
67%
Rushing TDs 2008 17 Michael Turner
67%
Rushing Attempts 2009 178 Michael Turner
67%
Rushing Yards 2009 871 Michael Turner
67%
Rushing TDs 2009 10 Michael Turner
67%
Rushing Attempts 2010 334 Michael Turner
67%
Rushing Yards 2010 1371 Michael Turner
67%
Rushing TDs 2010 12 Michael Turner
67%
Rushing Attempts 2011 301 Michael Turner
67%
Rushing Yards 2011 1340 Michael Turner
67%
Rushing TDs 2011 11 Michael Turner
67%
Rushing Attempts 2012 222 Michael Turner
67%
Rushing Yards 2012 800 Michael Turner
67%
Rushing TDs 2012 10 Michael Turner
67%
Passing Yards 2002 2936 Michael Vick
67%
Passing TDs 2002 16 Michael Vick
67%
Interceptions Thrown 2002 8 Michael Vick
67%
Rushing TDs 2002 8 Michael Vick
67%
Passing Yards 2004 2313 Michael Vick
67%
Passing TDs 2004 14 Michael Vick
67%
Interceptions Thrown 2004 12 Michael Vick
67%
Passing Yards 2005 2412 Michael Vick
67%
Passing TDs 2005 15 Michael Vick
67%
Interceptions Thrown 2005 13 Michael Vick
67%
Passing Yards 2006 2474 Michael Vick
67%
Passing TDs 2006 20 Michael Vick
67%
Interceptions Thrown 2006 13 Michael Vick
67%
Receiving TDs 2017 5 Mohamed Sanu
67%
Rushing Attempts 2013 157 Steven Jackson
67%
Rushing Yards 2013 543 Steven Jackson
67%
Rushing TDs 2013 6 Steven Jackson
67%
Rushing Attempts 2014 190 Steven Jackson
67%
Rushing Yards 2014 707 Steven Jackson
67%
Rushing TDs 2014 6 Steven Jackson
67%
Rushing Attempts 2018 167 Tevin Coleman
67%
Rushing Yards 2018 800 Tevin Coleman
67%
Sacks 2000 4.5 Tie
67%
Receiving TDs 2003 3 Tie
67%
Total Tackles 2007 110 Tie
67%
Interceptions 2021 3 Tie
67%
Receiving TDs 2022 4 Tie
67%
Rushing Attempts 2020 195 Todd Gurley
67%
Rushing Yards 2020 678 Todd Gurley
67%
Rushing TDs 2020 9 Todd Gurley
67%
Receptions 2012 93 Tony Gonzalez
67%
Receiving TDs 2013 8 Tony Gonzalez
67%
Rushing Attempts 2022 210 Tyler Allgeier
67%
Rushing Yards 2022 1035 Tyler Allgeier
67%
Rushing TDs 2025 8 Tyler Allgeier
67%
Sacks 2015 4 Vic Beasley
67%
Sacks 2016 15.5 Vic Beasley
67%
Sacks 2019 8 Vic Beasley
67%
Rushing Attempts 2002 230 Warrick Dunn
67%
Rushing Yards 2002 927 Warrick Dunn
67%
Rushing Attempts 2004 265 Warrick Dunn
67%
Rushing Yards 2004 1106 Warrick Dunn
67%
Rushing TDs 2004 9 Warrick Dunn
67%
Rushing Attempts 2005 280 Warrick Dunn
67%
Rushing Yards 2005 1416 Warrick Dunn
67%
Rushing Attempts 2006 286 Warrick Dunn
67%
Rushing Yards 2006 1140 Warrick Dunn
67%
Rushing TDs 2006 4 Warrick Dunn
67%
Rushing Attempts 2007 227 Warrick Dunn
67%
Rushing Yards 2007 720 Warrick Dunn
67%
Rushing TDs 2007 4 Warrick Dunn
67%
Interceptions 2013 3 William Moore
67%
Interceptions 2003 3 3-Way Tie
33%
Interceptions 2022 2 3-Way Tie
33%
Interceptions 2004 4 Aaron Beasley
33%
Sacks 2017 9.5 Adrian Clayborn
33%
Sacks 2024 6 Arnold Ebiketie
33%
Receiving Yards 2002 838 Brian Finneran
33%
Receiving TDs 2002 6 Brian Finneran
33%
Receptions 2002 56 Brian Finneran
33%
Passing TDs 2007 10 Chris Redman
33%
Interceptions 2018 7 Damontae Kazee
33%
Sacks 2021 4.5 Dante Fowler
33%
Total Tackles 2018 94 De’Vondre Campbell
33%
Total Tackles 2019 129 De’Vondre Campbell
33%
Interceptions 2008 3 Erik Coleman
33%
Total Tackles 2020 117 Foyesade Oluokun
33%
Total Tackles 2021 192 Foyesade Oluokun
33%
Receiving Yards 2013 1067 Harry Douglas
33%
Receptions 2013 85 Harry Douglas
33%
Sacks 2025 10.5 James Pearce
33%
Passing Yards 2007 2215 Joey Harrington
33%
Interceptions Thrown 2007 8 Joey Harrington
33%
Total Tackles 2024 151 Kaden Elliss
33%
Total Tackles 2025 107 Kaden Elliss
33%
Sacks 2001 12 Patrick Kerney
33%
Sacks 2002 10.5 Patrick Kerney
33%
Sacks 2004 13 Patrick Kerney
33%
Total Tackles 2013 127 Paul Worrilow
33%
Total Tackles 2014 142 Paul Worrilow
33%
Total Tackles 2015 95 Paul Worrilow
33%
Receiving Yards 2003 838 Peerless Price
33%
Receptions 2003 64 Peerless Price
33%
Rushing TDs 2019 4 Qadree Ollison
33%
Total Tackles 2022 159 Rashaan Evans
33%
Interceptions 2000 6 Ray Buchanan
33%
Sacks 2005 10.5 Roderick Coleman
33%
Sacks 2006 6 Roderick Coleman
33%
Sacks 2018 7 Takkarist McKinley
33%
Receiving TDs 2000 5 Terance Mathis
33%
Receiving Yards 2001 564 Terance Mathis
33%
Receptions 2001 51 Terance Mathis
33%
Interceptions 2011 4 Thomas DeCoud
33%
Interceptions 2012 6 Thomas DeCoud
33%
Interceptions 2001 5 Tie
33%
Interceptions 2002 4 Tie
33%
Sacks 2023 6.5 Tie
33%
Rushing Attempts 2003 197 T.J. Duckett
33%
Rushing Yards 2003 779 T.J. Duckett
33%
Rushing TDs 2003 11 T.J. Duckett
33%
Rushing TDs 2005 8 T.J. Duckett
33%
Interceptions 2025 5 Xavier Watts
33%
Interceptions 2020 3 Blidi Wreh-Wilson
0%
Total Tackles 2005 127 Demorrio Williams
0%
Sacks 2009 6 Jonathan Babineaux
0%
Interceptions 2014 4 Kemal Ishmael
0%
Sacks 2014 4.5 Kroy Biermann
0%
Total Tackles 2000 95 Marty Carter
0%
Sacks 2013 7.5 Osi Umenyiora
0%
Interceptions 2015 3 Ricardo Allen
0%
Receiving Yards 2000 822 Shawn Jefferson
0%
Receptions 2000 60 Shawn Jefferson
0%
Total Tackles 2012 97 Stephen Nicholas
0%
No matching quizzes found
Score Distribution
Percent of People with Each Score
Percentile by Number Answered
Your Score History
You have not taken this quiz since the last reset